00800nam a22002057a 4500999001500000001000500015003000900020005001700029008004100046040003800087082002300125245008700148260003900235300002200274505008800296650004400384700002800428942001200456952012600468 c7070d70708993BD-DhUAP20210117104612.0210117s1996 bg x p w 0 a0eng d aBD-DhAALcBD-DhAALbEngdBD-DhUAP00a348.549204 DHA22300aThe Dhaka Law Reports :ba monthly law journal /cedited by Obaidul Huq Chowdhury. aDhaka :bDhaka law reports,c2008. avolumes ;c26 cm. aV. 48- Table of cases of the appellate division of the supreme court of Bangladesh. aLaw reports, digests, etc.zBangladesh. aChowdhury, Obaidul Huq. 2ddccBK 00102ddc4070aDBASLbDBASLcGeneral Stacksd2021-01-17o348.549204 DHA V-48p3010008993r2021-01-17t1w2021-01-17yBK